Statistiques concernant Groupes/Solistes de k-pop

Cliquez ici pour prendre le quiz!

Statistiques générales

  • Ce quiz a été pris 71 fois
  • Le résultat moyen est 28 sur 100

Statistiques - réponses

Réponse% Correct
BTS
100%
BLACKPINK
98%
Psy
90%
Stray Kids
90%
ATEEZ
71%
IU
71%
Jessi
69%
TWICE
66%
Itzy
61%
(G)I-dle
58%
MAMAMOO
54%
aespa
53%
Han Ji-sung
53%
Kai
53%
Somi
53%
Hwasa
51%
ENHYPEN
49%
NMIXX
49%
Jackson wang
46%
Lia
46%
LOONA
46%
Jay Park
44%
Seventeen
44%
NewJeans
42%
Soyeon
42%
BamBam
41%
Big Bang
41%
G-Dragon
41%
Haerin
41%
Girls Generation
39%
Red Velvet
39%
Chaeyeon
37%
TXT / TOMORROW X TOGETHER
37%
BiBi
36%
Got7
36%
Miyeon
36%
Taemin
36%
Shinee
34%
Super Junior
32%
Taeyeon
27%
Monsta X
25%
SuperM
25%
AleXa
24%
Dreamcatcher
24%
Joy
24%
WayV
24%
The Boyz
22%
Exo
20%
NCT 127
20%
Pentagon
20%
STAYC
20%
Sulli
20%
Sunmi
20%
T-ara
20%
Wonder Girls
20%
Chung Ha
19%
Viviz
19%
Wendy
19%
AOA
17%
NCT Dream
17%
Yena
17%
Zico
17%
2PM
15%
Baekhyun
15%
B.I
15%
MOMOLAND
15%
Natty
15%
Winner
15%
Purple Kiss
14%
After School
12%
BoA
12%
Infinite
12%
f(x)
10%
X1
10%
Ailee
8%
Apink
8%
Cherry Bullet
8%
CLC
8%
Goo Hara
8%
NCT Wish
8%
TVXQ
8%
2AM
7%
Block B
7%
CIX
7%
Kara
7%
Loco
7%
Tiffany Young / Tiffany
7%
April
5%
Cheetah
5%
Secret
5%
Victon
5%
Lee Hyori
3%
Son Dam bi / Son Dambi
3%
CN Blue
2%
Ga-in
2%
Melody Day
2%
Seung-yeon
2%
Sung Woon
2%
Hongseok
0%
Two X
0%

Distribution des résultats

Percentile par nombre de réponses

% des personnes avec chaque résultat

Votre développement - résultats

Vous n’avez pas pris ce quiz